=LDR 00000nam 2200000 4500 =001 INLIS000000000006275 =005 20251106101659 =035 ##$$a 0010-1125000149 =007 ta =008 251106###########################0#ind## =082 ##$$a 618.74 =084 ##$$a 618.74 ROL e =100 #$$a Roland Armijo =245 1#$$a Epidemiological Aspects Of Abortion /$c Badan Koordinasi Keluarga Berencana Nasional =260 ##$:$b Badan Koordinasi Keluarga Berencana Nasional,$c 1966 =300 ##$$a 18 Hal : $b Ilus ; $c 21 =650 #4$$a Keluarga Berencana =700 #$$a Marlano Requena =856 ##$$a Perpustakaan Kemendukbangga